000 00471nam a2200169Ia 4500
008 240729s9999 xx 000 0 und d
022 _a2715-422X
245 0 _aFood ScienTech Journal
260 _aIndonesia
260 _bDepartment of Food Technology
650 _a Chemical technology
650 _a Food processing and manufacture
650 _aTechnology
856 _uhttps://doaj.org/toc/d21055d4816d4864b37f4be84355ebea
942 _2ddc
942 _cDOAJEJ
999 _c69373
_d69373
945 _a1
_bMadushi Gamage
_c1
_dMadushi Gamage